Crecimiento y desarrollo infanto juvenil latinoamericano. Bases programáticas para su vigilancia epidemiológica
Sábháilte in:
| Príomhchruthaitheoir: | |
|---|---|
| Formáid: | Téacs |
| Foilsithe / Cruthaithe: |
Buenos Aires:
Universidad de Buenos Aires
|
| Clibeanna: |
Cuir clib leis
Níl clibeanna ann, Bí ar an gcéad duine le clib a chur leis an taifead seo!
|
MARC
| LEADER | 00000 a a2200000 04500 | ||
|---|---|---|---|
| 001 | 22527 | ||
| 003 | |||
| 040 | |||
| 090 | |a 153400 | ||
| 100 | |a Gutiérrez Leyton, Mario | ||
| 245 | |a Crecimiento y desarrollo infanto juvenil latinoamericano. Bases programáticas para su vigilancia epidemiológica | ||
| 260 | |a Buenos Aires: |b Universidad de Buenos Aires | ||
| 300 | |a 9 p |b fonodiscos | ||
| 999 | |c 14048 |d 14048 | ||
